| 000 | 00702nam a22002057a 4500 | ||
|---|---|---|---|
| 003 | NUST | ||
| 005 | 20240627110451.0 | ||
| 008 | 170308b xxu||||| |||| 00| 0 eng d | ||
| 040 | _c0 | ||
| 082 | _a200 | ||
| 100 |
_aHanif,Muhammad Usman _95631 |
||
| 245 |
_aAn Integrated Study for Waste to Energy Using Anaerobic Co-digestion and Pyrolysis from Various Biomass Resources/ _cMuhammad Usman Hanif |
||
| 260 |
_aIslamabad; _bIESE (SCEE) NUST; _c2016. |
||
| 300 |
_a111 p. _bHB. |
||
| 440 |
_aPhD-Environmental Science _91817 |
||
| 650 |
_aEnvironmental Science _91725 |
||
| 700 | _4Supervisor:Dr. M Anwar Baig | ||
| 856 | _uhttp://10.250.8.41:8080/xmlui/handle/123456789/2844 | ||
| 942 |
_2ddc _cSC |
||
| 999 |
_c233461 _d233461 |
||